[Event "Gipuzkoa ch"]
[Site "Donostia - San Sebastian"]
[Date "2012.10.20"]
[Round "1"]
[White "Arana Garate, Jon"]
[Black "Argandona Riveiro, Inigo"]
[Result "0-1"]
[WhiteElo "1885"]
[BlackElo "2402"]

1.d4 g6 2.Nf3 Bg7 3.e4 c6 4.Bc4 d5 5.exd5 cxd5 6.Bb5+ Nc6 7.c3 Nf6 8.Ne5 
Bd7 9.Nxd7 Qxd7 10.O-O O-O 11.Bf4 a6 12.Bd3 b5 13.a3 Nh5 14.Be3 f5 15.f4 
Nf6 16.Nd2 Qa7 17.Qe2 Nd8 18.a4 b4 19.cxb4 Nc6 20.Nf3 Nxb4 21.Kh1 Rab8 22.
Bb1 a5 23.Bd2 Ne4 24.Bc3 Rfc8 25.Re1 Rc6 26.Ra3 Rb7 27.Bxe4 dxe4 28.Ne5 
Bxe5 29.fxe5 e6 30.g4 Nd3 31.gxf5 gxf5 32.Rg1+ Rg7 33.Raa1 Rc7 34.Rg3 f4 
35.Rxd3 exd3 36.Qxd3 Qa8+ 37.d5 Rcd7 38.Qf3 Rxd5 39.Rf1 Qb7 40.h4 Rd3 0-1

[Event "Gipuzkoa ch"]
[Site "Donostia - San Sebastian"]
[Date "2012.10.20"]
[Round "1"]
[White "Guijarro Galan, Jose Luis"]
[Black "Izquierdo Arruferia, Joseba"]
[Result "1-0"]
[WhiteElo "2121"]
[BlackElo "1885"]

1.e4 e6 2.Qe2 Ne7 3.Nf3 b6 4.g3 Bb7 5.Bg2 d6 6.O-O g6 7.d3 Bg7 8.c3 O-O 9.
Nbd2 Nd7 10.Rd1 Nc6 11.d4 Qe7 12.Nf1 e5 13.d5 Ncb8 14.b3 Nc5 15.b4 Ncd7 
16.g4 Ba6 17.c4 Nf6 18.h3 Nbd7 19.Ng3 Bb7 20.Be3 a5 21.a3 axb4 22.axb4 
Rfb8 23.Rac1 Ra4 24.Ra1 Rba8 25.Rxa4 Rxa4 26.Rb1 Ra7 27.Nd2 Qd8 28.Nb3 Qa8
29.c5 bxc5 30.bxc5 dxc5 31.Nxc5 Nxc5 32.Bxc5 Ra1 33.Qb2 Rxb1+ 34.Qxb1 Nd7 
35.Be3 Ba6 36.Qc1 Qb7 37.h4 Nb6 38.Bh6 Nc4 39.Nf5 Bf6 40.Bg5 Bxg5 41.Qxg5 
f6 42.Qxf6 gxf5 43.Qd8+ Kf7 44.exf5 Qc8 45.Qg5 Nd6 46.Qh5+ Kg7 47.Bh3 Qe8 
48.Qg5+ Kh8 49.f6 Qg6 50.Qxe5 Qf7 51.g5 Bc4 52.Be6 Qg6 53.f7+ Qg7 54.f8=Q#
1-0

[Event "Gipuzkoa ch"]
[Site "Donostia - San Sebastian"]
[Date "2012.10.20"]
[Round "1"]
[White "Aranzabal Minguez, Alex"]
[Black "Ros Eskisabel, Jose Ramon"]
[Result "0-1"]
[WhiteElo "1881"]
[BlackElo "2103"]

1.d4 Nf6 2.Nf3 e6 3.Bg5 h6 4.Bh4 c5 5.e3 cxd4 6.exd4 Be7 7.Bd3 b6 8.O-O 
Bb7 9.Nbd2 O-O 10.Ne5 d6 11.Nec4 Nc6 12.Nf3 Rc8 13.c3 Re8 14.Re1 b5 15.Ne3
a6 16.Bxf6 Bxf6 17.Ng4 Be7 18.Bc2 f5 19.Ne3 d5 20.Nf1 Bd6 21.Ne5 Bxe5 22.
dxe5 Qc7 23.f4 Qb6+ 24.Kh1 d4 25.Qh5 dxc3 26.bxc3 Nd4 27.cxd4 Bxg2+ 28.
Kxg2 Rxc2+ 29.Re2 Rxe2+ 30.Qxe2 Qxd4 31.Rd1 Qxf4 32.Rd6 Qa4 33.Ng3 f4 34.
Nh5 Rf8 35.Kf3 Qa3+ 36.Rd3 Qc5 37.Rd2 Qc6+ 38.Qe4 Qc3+ 39.Rd3 Qc1 40.Qg6 
Qf1+ 41.Ke4 Qe2+ 42.Kd4 Rd8+ 43.Kc3 Rxd3+ 44.Qxd3 Qxh5 45.Qd8+ Kh7 46.Qd6 
Qf5 47.Kd4 f3 0-1

[Event "Gipuzkoa ch"]
[Site "Donostia - San Sebastian"]
[Date "2012.10.20"]
[Round "1"]
[White "Etxagibel Larranaga, Asier"]
[Black "Bello Castano, Diego"]
[Result "1-0"]
[WhiteElo "2077"]
[BlackElo "1879"]

1.e4 c6 2.d4 d5 3.exd5 cxd5 4.c4 Nf6 5.Nc3 e6 6.Nf3 dxc4 7.Bxc4 Be7 8.O-O 
a6 9.Qe2 O-O 10.Rd1 Nd5 11.Nxd5 exd5 12.Bxd5 Qxd5 13.Qxe7 Bg4 14.Rd3 Nd7 
15.Bd2 Bxf3 16.Rxf3 Qxd4 17.Bc3 Qa4 18.Rg3 g6 19.Rd3 Rad8 20.Rd4 Qb5 21.
Re1 Qf5 22.h3 f6 23.g4 Qb5 24.Qe6+ Rf7 25.Red1 Kg7 26.a4 Qc6 27.Qxc6 1-0

[Event "Gipuzkoa ch"]
[Site "Donostia - San Sebastian"]
[Date "2012.10.20"]
[Round "1"]
[White "Carrascal Rosal, Alberto"]
[Black "Ezpeleta Pradera, Juan Francis"]
[Result "0-1"]
[WhiteElo "1875"]
[BlackElo "2075"]

1.e4 c5 2.Nf3 Nc6 3.d4 cxd4 4.Nxd4 Nf6 5.Nc3 e6 6.Ndb5 d6 7.Bf4 e5 8.Bg5 
a6 9.Na3 b5 10.Nd5 Be7 11.Bxf6 Bxf6 12.c3 O-O 13.Nc2 Bg5 14.a4 Rb8 15.axb5
axb5 16.Nce3 Be6 17.Bd3 Ne7 18.O-O g6 19.Nxe7+ Qxe7 20.Qe2 f5 21.exf5 gxf5
22.Bxb5 f4 23.Nc2 f3 24.gxf3 Bf4 25.Kh1 Bxh2 26.Ra4 Bf4 27.Rg1+ Kh8 28.Rg3
Bxg3 29.fxg3 Qg5 0-1

[Event "Gipuzkoa ch"]
[Site "Donostia - San Sebastian"]
[Date "2012.10.20"]
[Round "1"]
[White "Manso Marquez, Felix"]
[Black "Fuente San Sebastian, Ernesto"]
[Result "1-0"]
[WhiteElo "2063"]
[BlackElo "1859"]

1.d4 Nf6 2.c4 e5 3.dxe5 Ng4 4.Bf4 g5 5.Bg3 Bg7 6.Nf3 Nc6 7.Nc3 Ngxe5 8.e3 
d6 9.Be2 Be6 10.Nd5 Nxf3+ 11.Bxf3 Ne5 12.Be2 c6 13.Bxe5 Bxe5 14.Nc3 Qa5 
15.O-O O-O-O 16.a3 Bxc3 17.bxc3 Qxc3 18.Qa4 a6 19.Rfc1 Qe5 20.Rab1 Kc7 21.
c5 Bc8 22.cxd6+ Rxd6 23.Qb3 f5 24.Qb6+ Kd7 25.Rc5 Qf6 26.e4 Qd8 27.Qb2 Re8
28.e5 Rd5 29.Rxd5+ cxd5 30.Qd4 Re6 31.Bf3 Ke7 32.Bxd5 Kf8 33.Qc5+ Re7 34.
e6 Kg7 35.Qd4+ Kg6 36.g4 Bxe6 37.gxf5+ Bxf5 38.Rb6+ Be6 39.Qd1 1-0

[Event "Gipuzkoa ch"]
[Site "Donostia - San Sebastian"]
[Date "2012.10.20"]
[Round "1"]
[White "Salgado Cea, Gorka"]
[Black "Mendikute Fierro, Claudio"]
[Result "1/2-1/2"]
[WhiteElo "1857"]
[BlackElo "2033"]

1.e4 e6 2.d4 d5 3.Nc3 Bb4 4.e5 c5 5.a3 Bxc3+ 6.bxc3 Qa5 7.Bd2 Qa4 8.Qb1 c4
9.Be2 Nc6 10.f4 Bd7 11.Nf3 O-O-O 12.Qb2 Nge7 13.O-O h6 14.Rfb1 b6 15.Be1 
Rdf8 16.Bh4 Nf5 17.Bf2 f6 18.Nh4 Nxh4 19.Bxh4 g5 20.fxg5 hxg5 21.Bg3 f5 
22.Qc1 f4 23.Bf2 Be8 24.Bg4 Kd7 25.Qd1 Bg6 26.Rb2 Bf5 27.h3 Qa6 28.a4 Na5 
29.Rb5 Qc8 30.Qf3 Qe8 31.Re1 Kc6 32.Re2 Qg6 33.Bxf5 Qxf5 34.Rd2 Rhg8 35.
Qg4 Qxg4 36.hxg4 f3 37.Bg3 Kd7 38.Rb1 Ke7 39.Rf2 fxg2 40.Rxf8 Kxf8 41.Kxg2
Kg7 42.Bf2 Nb7 43.Be3 Kf8 44.Rf1+ Ke7 45.Rf6 Nd8 46.Bc1 Rg7 47.Ba3+ Kd7 
48.Rh6 Ke8 1/2-1/2

[Event "Gipuzkoa ch"]
[Site "Donostia - San Sebastian"]
[Date "2012.10.20"]
[Round "1"]
[White "Uriarte Prieto, Goyo"]
[Black "Izagirre Alsua, Aritz"]
[Result "0-1"]
[WhiteElo "2032"]
[BlackElo "1835"]

1.e4 c5 2.c3 d5 3.exd5 Qxd5 4.d4 Nf6 5.Nf3 Bg4 6.dxc5 Qxc5 7.Be3 Qc7 8.Na3
a6 9.Nc4 Nbd7 10.Qb3 b5 11.Ncd2 e5 12.Ng5 Nc5 13.Bxc5 Bxc5 14.Bd3 h6 15.
Nge4 Nxe4 16.Nxe4 Be6 17.Bxb5+ Ke7 18.Qa4 axb5 19.Qxb5 Rhc8 20.b3 Ra5 21.
Qe2 Bxb3 22.Nd2 Rxa2 23.Rxa2 Bxa2 24.O-O Be6 25.Nf3 Bc4 26.Qe4 Bxf1 27.
Kxf1 Bd6 28.g3 Qc4+ 0-1

[Event "Gipuzkoa ch"]
[Site "Donostia - San Sebastian"]
[Date "2012.10.20"]
[Round "1"]
[White "Cantabrana Garona, Alejandro"]
[Black "Alvarado Fernandez, Mikel"]
[Result "0-1"]
[WhiteElo "1818"]
[BlackElo "2015"]

1.c4 e5 2.g3 h5 3.h4 Nf6 4.Bg2 Nc6 5.Nc3 d6 6.d3 Be7 7.Bg5 Nd7 8.Nd5 Bxg5 
9.hxg5 Ne7 10.Nc3 Ng6 11.Nf3 Ndf8 12.Qd2 c6 13.O-O-O Bg4 14.Nh2 Bf5 15.e4 
Be6 16.f4 Ne7 17.f5 Bd7 18.Rdf1 g6 19.g4 Qa5 20.gxh5 gxf5 21.exf5 Bxf5 22.
Rxf5 Nxf5 23.Qf2 Nd4 24.Rf1 O-O-O 25.Qxf7 Rh7 26.Qg8 Rxh5 27.Rxf8 Rxh2 28.
Bf3 Nxf3 29.Qe6+ Kc7 30.Rxd8 Kxd8 31.Qf6+ Kc8 32.Qf8+ Qd8 33.Qxf3 Qxg5+ 
0-1

[Event "Gipuzkoa ch"]
[Site "Donostia - San Sebastian"]
[Date "2012.10.20"]
[Round "1"]
[White "Segovia Sanchez, Antonio"]
[Black "Puga Senar, Fernando"]
[Result "1-0"]
[WhiteElo "2004"]
[BlackElo "1808"]

1.d4 Nf6 2.Bf4 e6 3.e3 d5 4.Nf3 Bd6 5.Ne5 O-O 6.Qf3 c5 7.c3 c4 8.Be2 Nbd7 
9.Nd2 Qc7 10.Qg3 Bxe5 11.dxe5 Ne4 12.Nxe4 dxe4 13.Rd1 b5 14.Rd4 Bb7 15.Bh6
Qxe5 16.Rxd7 Qxg3 17.hxg3 Bc6 18.Rd6 gxh6 19.Rxc6 Rfd8 20.Rc5 Rd6 21.Rxb5 
Rad8 22.O-O 1-0

[Event "Gipuzkoa ch"]
[Site "Donostia - San Sebastian"]
[Date "2012.10.20"]
[Round "1"]
[White "Iglesias Gonzalez, Veronica"]
[Black "Galarza Cenzano, Inigo"]
[Result "0-1"]
[WhiteElo "1802"]
[BlackElo "2000"]

1.d4 Nf6 2.Nc3 d5 3.Bf4 c6 4.Nf3 Bf5 5.Ne5 e6 6.e3 Qb6 7.Na4 Qa5+ 8.c3 
Nbd7 9.Bd3 Nxe5 10.Bxf5 Ned7 11.Bc2 b5 12.Nc5 Bxc5 13.dxc5 e5 14.Bg3 b4 
15.a3 bxc3 16.b4 Qc7 17.f3 a5 18.O-O h5 19.e4 d4 20.Qxd4 h4 21.Bxe5 Qxe5 
22.Qxe5+ Nxe5 23.f4 Nc4 24.Ba4 Rc8 25.Rac1 axb4 26.axb4 Nxe4 27.Rfe1 f5 
28.Rxc3 Nd2 29.Rd3 Kf7 30.Rd7+ Kf6 31.Bc2 Rhd8 32.Ra7 Rd4 33.Rb7 h3 34.
Bxe4 fxe4 35.Kf2 hxg2 36.Kxg2 Nf3 37.Re3 Rh8 38.Rc7 Rxb4 39.Rxc6+ Kf5 40.
Kg3 Rb1 41.h3 Rh1 42.Rd6 R8xh3+ 43.Kf2 R3h2+ 0-1

[Event "Gipuzkoa ch"]
[Site "Donostia - San Sebastian"]
[Date "2012.10.20"]
[Round "1"]
[White "Garro Beraza, Julen"]
[Black "Kuende Gorostidi, Jon"]
[Result "1-0"]
[WhiteElo "1972"]
[BlackElo "1798"]

1.e4 e6 2.d4 d5 3.Nc3 Bb4 4.Ne2 Nf6 5.e5 Ne4 6.a3 Bxc3+ 7.Nxc3 Qh4 8.Qf3 
c5 9.Bd3 Nc6 10.Nxe4 dxe4 11.Qxe4 Qxe4+ 12.Bxe4 cxd4 13.Bf4 Bd7 14.O-O-O 
O-O-O 15.Rd3 f6 16.Rhd1 g5 17.Bg3 f5 18.Bxc6 bxc6 19.f3 c5 20.c4 f4 21.Be1
Be8 22.b4 Bg6 23.Rb3 d3 24.Bf2 Rd7 25.Bxc5 Kb7 26.Bd6 a5 27.b5 h5 28.c5 
Ka8 29.c6 Rc8 30.Kd2 Rh7 31.Rc1 g4 32.b6 1-0

[Event "Gipuzkoa ch"]
[Site "Donostia - San Sebastian"]
[Date "2012.10.20"]
[Round "1"]
[White "Orube Bona, Andoni"]
[Black "Sanchez Ruesga, Hector"]
[Result "0-1"]
[WhiteElo "1791"]
[BlackElo "1965"]

1.d4 Nf6 2.c4 e6 3.g3 d5 4.Bg2 Be7 5.Nf3 O-O 6.O-O c6 7.Nc3 Nbd7 8.a3 dxc4
9.e4 b5 10.d5 cxd5 11.exd5 exd5 12.Nxb5 Nc5 13.Ne5 Bb7 14.Be3 a6 15.Nd4 
Qc7 16.Ng4 Nxg4 17.Qxg4 Bf6 18.Rfd1 Bxd4 19.Bxd4 f5 20.Qe2 Rfe8 21.Qc2 Nb3
22.Rab1 Nxd4 23.Rxd4 Qe5 24.Rbd1 Rad8 25.f4 Qe2 26.R4d2 Qe3+ 27.Kf1 g6 28.
Re2 Qc5 29.Rxe8+ Rxe8 30.Qc3 Kf7 31.b4 Qe3 32.Qd4 Qxd4 33.Rxd4 Re3 34.
Bxd5+ Bxd5 35.Rxd5 Rxa3 36.Ra5 Rxa5 37.bxa5 Ke6 38.Ke2 Kd5 39.h3 h5 40.Kd1
Kc5 41.Kc2 Kb4 42.Kd1 0-1

[Event "Gipuzkoa ch"]
[Site "Donostia - San Sebastian"]
[Date "2012.10.20"]
[Round "1"]
[White "Fernandez Zubitur, Jokin"]
[Black "Zubia Aramburu, Mikel"]
[Result "1-0"]
[WhiteElo "1961"]
[BlackElo "1786"]

1.e4 c6 2.d4 d5 3.Nc3 dxe4 4.Nxe4 Nf6 5.Nxf6+ exf6 6.Bc4 Nd7 7.Ne2 Bd6 8.
O-O O-O 9.c3 Qc7 10.Ng3 c5 11.Bb3 cxd4 12.Qxd4 Bxg3 13.hxg3 Qe5 14.Qh4 Qf5
15.Be3 Ne5 16.Rad1 Ng6 17.Qb4 b6 18.Rd5 Qg4 19.Rd4 Qh5 20.Rfd1 Be6 21.g4 
Qc5 22.Bxe6 fxe6 23.Qxc5 bxc5 24.Rd6 e5 25.Bxc5 Rfc8 26.Be3 Rab8 27.R1d2 
Rb7 28.Rd7 Rcc7 29.Rxc7 Rxc7 30.Rd8+ Kf7 31.Ra8 Ke6 32.Rxa7 Rxa7 33.Bxa7 
Nf4 34.Kf1 Kd5 35.b3 Nd3 36.c4+ Kc6 37.Be3 g6 38.Ke2 Nb4 39.a4 f5 40.gxf5 
gxf5 41.g3 h5 42.Kd2 Na6 43.Kc3 Nc7 44.b4 Ne6 45.b5+ Kb7 46.c5 f4 47.c6+ 
Kc7 48.Ba7 e4 49.Kc4 e3 50.fxe3 fxg3 51.Kd5 Nd8 52.b6+ Kc8 53.e4 h4 54.a5 
h3 55.a6 1-0

[Event "Gipuzkoa ch"]
[Site "Donostia - San Sebastian"]
[Date "2012.10.20"]
[Round "1"]
[White "Goni Garmendia, Aitor"]
[Black "Irure Crespo, Egoitz"]
[Result "0-1"]
[WhiteElo "1780"]
[BlackElo "1953"]

1.e4 c5 2.Nf3 g6 3.d4 cxd4 4.Nxd4 Bg7 5.Be3 Nc6 6.Nc3 Nf6 7.Qd2 O-O 8.Be2 
d6 9.O-O-O Bd7 10.Bh6 Nxd4 0-1

[Event "Gipuzkoa ch"]
[Site "Donostia - San Sebastian"]
[Date "2012.10.20"]
[Round "1"]
[White "Salterain Gonzalez, Galder"]
[Black "Navascues Zabaleta, Jesus"]
[Result "1/2-1/2"]
[WhiteElo "1950"]
[BlackElo "1769"]

1.e4 c5 2.Nf3 Nc6 3.d3 g6 4.g3 Bg7 5.Bg2 d6 6.c3 Nf6 7.O-O O-O 8.h3 Bd7 9.
Be3 h6 10.Qd2 Kh7 11.a4 Qc7 12.Nh4 e6 13.f4 Rae8 14.g4 Qd8 15.Nf3 Na5 16.
Qc2 c4 17.Bxa7 b6 18.Qf2 Nb3 19.Ra3 Nc5 20.dxc4 Nxa4 21.Nd4 Qc7 22.b3 Qxa7
23.bxa4 Qc7 24.Nd2 Qc5 25.Nb5 Bxb5 26.Qxc5 dxc5 27.axb5 Rd8 28.Rd1 Rd3 29.
e5 Ng8 30.Bf1 Rd7 31.Ra2 Rfd8 32.Kf2 g5 33.Ke3 Ne7 34.fxg5 hxg5 35.Rda1 
Bxe5 36.Ne4 Bf4+ 37.Kf3 Kg6 38.h4 f5 1/2-1/2

[Event "Gipuzkoa ch"]
[Site "Donostia - San Sebastian"]
[Date "2012.10.27"]
[Round "2"]
[White "Argandona Riveiro, Inigo"]
[Black "Garro Beraza, Julen"]
[Result "1-0"]
[WhiteElo "2402"]
[BlackElo "1972"]

1.Nf3 Nf6 2.c4 g6 3.Nc3 Bg7 4.e4 d6 5.d4 O-O 6.Be2 e5 7.Be3 exd4 8.Nxd4 
Nc6 9.Nxc6 bxc6 10.Qd2 Re8 11.Bf3 Nd7 12.O-O Ne5 13.Be2 Be6 14.b3 f5 15.f4
Nf7 16.exf5 Bxf5 17.Bf3 Qd7 18.Bd4 Bh6 19.h3 Ne5 20.Bxe5 dxe5 21.Qxd7 Bxd7
22.Rad1 Re7 23.fxe5 Rf8 24.Ne4 Bg7 25.Nc5 Bf5 26.Bxc6 Rxe5 27.Bd5+ Kh8 28.
g4 Bc8 29.Rxf8+ Bxf8 30.Ne4 h5 31.Rf1 Bg7 32.Rf7 hxg4 33.hxg4 Bxg4 34.Rxc7
Rf5 35.Nd6 Rf4 36.Kg2 Kh7 37.Ne8 1-0

[Event "Gipuzkoa ch"]
[Site "Donostia - San Sebastian"]
[Date "2012.10.27"]
[Round "2"]
[White "Sanchez Ruesga, Hector"]
[Black "Guijarro Galan, Jose Luis"]
[Result "1/2-1/2"]
[WhiteElo "1965"]
[BlackElo "2121"]

1.d4 Nf6 2.c4 e6 3.g3 d5 4.Bg2 Be7 5.Nf3 O-O 6.O-O dxc4 7.Qa4 a6 8.Qxc4 b5
9.Qc2 Bb7 10.Bd2 Be4 11.Qc1 Nc6 12.Be3 Rc8 13.Rd1 Nb4 14.Nc3 Ba8 15.a4 
Nbd5 16.axb5 Nxc3 17.bxc3 axb5 18.Qb2 Ne4 19.Ne5 Nd6 20.Nc6 Qd7 21.Nxe7+ 
Qxe7 22.Bf4 Qd7 23.Bxd6 cxd6 24.d5 Bxd5 25.Bxd5 exd5 26.Rxd5 Qc6 27.Rad1 
Qxc3 28.Qxc3 Rxc3 29.Rxb5 Rc6 30.Rb7 Ra8 31.Rd7 Rc2 32.R7xd6 Rxe2 33.Rc6 
h5 34.Rc7 Rf8 35.Kg2 g6 36.h4 1/2-1/2

[Event "Gipuzkoa ch"]
[Site "Donostia - San Sebastian"]
[Date "2012.10.27"]
[Round "2"]
[White "Ros Eskisabel, Jose Ramon"]
[Black "Irure Crespo, Egoitz"]
[Result "1-0"]
[WhiteElo "2103"]
[BlackElo "1953"]

1.d4 c6 2.c4 d5 3.Nf3 Nf6 4.Qc2 e6 5.g3 Be7 6.Bg2 O-O 7.O-O Nbd7 8.Nbd2 b6
9.e4 Bb7 10.e5 Ne8 11.cxd5 cxd5 12.Re1 Ba6 13.Bf1 Nc7 14.h4 Rc8 15.Kg2 
Bxf1+ 16.Nxf1 Na6 17.Qa4 Nb4 18.Re2 Qc7 19.a3 Nc6 20.Rc2 Qb7 21.Bd2 b5 22.
Qb3 a6 23.a4 b4 24.Qd3 Na5 25.b3 Rxc2 26.Qxc2 f6 27.exf6 Nxf6 28.Rc1 Bd6 
29.Ng5 Ne4 30.Nxe4 dxe4 31.Be3 Qd5 32.Nd2 Bb8 33.Rb1 e5 34.Qxe4 Qxe4+ 35.
Nxe4 exd4 36.Bxd4 Re8 37.f3 Rc8 38.Bc5 Nc6 39.Rd1 Ne5 40.Bxb4 Rc2+ 41.Rd2 
Rc8 42.Bc3 Nf7 43.Rd7 h6 44.Rb7 Re8 45.Rb6 1-0

[Event "Gipuzkoa ch"]
[Site "Donostia - San Sebastian"]
[Date "2012.10.27"]
[Round "2"]
[White "Rodriguez Cabrera, Fco. Javier"]
[Black "Etxagibel Larranaga, Asier"]
[Result "1/2-1/2"]
[WhiteElo "1945"]
[BlackElo "2077"]

1.e4 c5 2.f4 d5 3.exd5 Qxd5 4.Nc3 Qd8 5.Nf3 Nc6 6.Bb5 Bd7 7.O-O Nf6 8.d4 
cxd4 9.Nxd4 Nxd4 10.Qxd4 Bxb5 11.Nxb5 Qxd4+ 12.Nxd4 e6 13.Kh1 Bc5 14.Be3 
O-O-O 15.c3 Rd5 16.b4 Bb6 17.a4 a6 18.a5 Ba7 19.Nc2 Bxe3 20.Nxe3 Rd3 21.
Nc4 Rf8 22.Nb6+ Kc7 23.c4 Rb3 24.Rab1 Ra3 25.Rfd1 Re8 26.Kg1 e5 27.fxe5 
Rxe5 28.Na8+ Kc8 29.Nb6+ Kc7 30.Na8+ Kc8 1/2-1/2

[Event "Gipuzkoa ch"]
[Site "Donostia - San Sebastian"]
[Date "2012.10.27"]
[Round "2"]
[White "Ezpeleta Pradera, Juan Francis"]
[Black "Paredes Macarro, Manuel"]
[Result "1-0"]
[WhiteElo "2075"]
[BlackElo "1897"]

1.e4 c6 2.d4 d5 3.exd5 cxd5 4.Bd3 Nc6 5.c3 Nf6 6.Bf4 Bg4 7.Qb3 Qd7 8.Nd2 
e6 9.Ngf3 Bxf3 10.Nxf3 a6 11.O-O Be7 12.Rfe1 O-O 13.Qc2 g6 14.Bg5 Rfc8 15.
Qd2 Nh5 16.Bh6 Bf6 17.Ne5 Nxe5 18.dxe5 Be7 19.g4 Ng7 20.Qf4 Rd8 21.Re3 Bf8
22.Rh3 d4 23.c4 b5 24.b3 bxc4 25.bxc4 Rab8 26.Bg5 Rdc8 27.Bf6 Ne8 28.Bg5 
Ng7 29.Qg3 Ne8 30.Qh4 Bg7 31.Qxh7+ Kf8 32.Rf3 Bxe5 33.Re1 1-0

[Event "Gipuzkoa ch"]
[Site "Donostia - San Sebastian"]
[Date "2012.10.27"]
[Round "2"]
[White "Nogues Fernandez, Ramon"]
[Black "Manso Marquez, Felix"]
[Result "1/2-1/2"]
[WhiteElo "1903"]
[BlackElo "2063"]

1.d4 e6 2.c4 Bb4+ 3.Nc3 Nf6 4.e3 c5 5.Bd3 Nc6 6.Nf3 Bxc3+ 7.bxc3 d6 8.Nd2 
e5 9.d5 Ne7 10.O-O Ng6 11.f4 exf4 12.exf4 O-O 13.Nf3 Bg4 14.Qc2 Bxf3 15.
Rxf3 Re8 16.Bd2 Qc7 17.g3 Re7 18.Re3 Rae8 19.Rae1 Rxe3 20.Rxe3 Rxe3 21.
Bxe3 Qe7 22.Qe2 Nf8 23.Kg2 N8d7 24.Kf3 Kf8 25.Bd2 h5 26.Qxe7+ Kxe7 27.h3 
g6 28.g4 hxg4+ 29.hxg4 g5 30.Be2 gxf4 31.Kxf4 Ne5 32.Kf5 Ne8 33.Bh6 f6 34.
g5 fxg5 35.Bxg5+ Kd7 36.Bh6 Ke7 37.Bg5+ Kd7 38.Ke4 Nc7 39.Bf6 Ne8 40.Bg5 
Nc7 41.Bf1 Na8 42.Bf6 Nb6 43.Bxe5 dxe5 44.Kxe5 Na4 45.Bh3+ Kd8 46.Kd6 Nxc3
47.Kxc5 Nxa2 48.Kd6 Nc3 49.c5 Ne4+ 50.Ke5 Nxc5 51.Kd4 b6 52.d6 a5 53.Kc4 
Ne4 54.Kb5 Nxd6+ 55.Kxb6 a4 56.Be6 1/2-1/2

[Event "Gipuzkoa ch"]
[Site "Donostia - San Sebastian"]
[Date "2012.10.27"]
[Round "2"]
[White "Alvarado Fernandez, Mikel"]
[Black "Mendia Rezola, Jokin"]
[Result "1-0"]
[WhiteElo "2015"]
[BlackElo "1706"]

1.d4 d5 2.Bg5 Nf6 3.Bxf6 exf6 4.e3 Nc6 5.Nd2 Bd6 6.g3 Bf5 7.a3 Qd7 8.Bg2 
Bg4 9.Qc1 Ne7 10.c4 c6 11.c5 Bc7 12.b4 a6 13.h3 Be6 14.Ne2 f5 15.h4 Ng8 
16.Nf4 Nf6 17.a4 Ne4 18.O-O h6 19.b5 axb5 20.Nxe4 fxe4 21.axb5 Rxa1 22.
Qxa1 Bxf4 23.Qa8+ Qc8 24.Qxc8+ Bxc8 25.gxf4 cxb5 26.Rb1 Bd7 27.Bf1 O-O 28.
Bxb5 Bc6 29.Bxc6 bxc6 30.Rb6 Rc8 31.f5 Rc7 32.Rb8+ Kh7 33.Kg2 g6 34.f6 g5 
35.h5 g4 36.Kg3 Ra7 37.Rf8 Rc7 38.Kxg4 Ra7 39.Kf5 Ra2 40.Rxf7+ Kg8 41.Rg7+
Kh8 42.Rg2 Kh7 43.f7 Rb2 44.Kf6 Rb8 45.Rg6 Ra8 46.Ke5 Rf8 47.Ke6 Rc8 48.
Kd7 Rf8 49.Ke7 Rc8 50.f8=N+ 1-0

[Event "Gipuzkoa ch"]
[Site "Donostia - San Sebastian"]
[Date "2012.10.27"]
[Round "2"]
[White "Tung, Siu Hung"]
[Black "Segovia Sanchez, Antonio"]
[Result "0-1"]
[WhiteElo "1895"]
[BlackElo "2004"]

1.e4 g6 2.d4 Bg7 3.Nf3 c6 4.Be3 d5 5.Nc3 a6 6.Bd3 Bg4 7.e5 e6 8.h3 Bxf3 9.
Qxf3 Nd7 10.h4 c5 11.Qg3 Qb6 12.Bd2 cxd4 13.Ne2 Nxe5 14.h5 Ne7 15.h6 Nxd3+
16.Qxd3 Bf6 17.g4 Nc6 18.f4 Rc8 19.a3 O-O 20.f5 Ne5 21.Qg3 Rxc2 22.Bb4 
Rfc8 23.g5 Qb5 24.Rh2 Nd3+ 25.Kd1 Be5 26.Qg2 Nxb2+ 27.Ke1 d3 0-1

[Event "Gipuzkoa ch"]
[Site "Donostia - San Sebastian"]
[Date "2012.10.27"]
[Round "2"]
[White "Galarza Cenzano, Inigo"]
[Black "Aparicio Mola, Luis"]
[Result "1-0"]
[WhiteElo "2000"]
[BlackElo "1530"]

1.e4 c5 2.Nc3 e6 3.f4 d5 4.Nf3 Nf6 5.Bb5+ Nc6 6.exd5 exd5 7.Qe2+ Be7 8.
Bxc6+ bxc6 9.Ne5 Qc7 10.b3 O-O 11.Ba3 Re8 12.O-O Bd6 13.Qf2 Bxe5 14.fxe5 
Rxe5 15.Qg3 Nh5 16.Qh4 Ba6 17.Rf3 Qa5 18.d4 cxd4 19.Bd6 Re3 20.Qxd4 Rxf3 
21.gxf3 Qb6 22.Bc5 Qc7 23.Re1 Qf4 24.Qxf4 Nxf4 25.Re7 h5 26.Kf2 Ne6 27.
Rxa7 Rxa7 28.Bxa7 Kf8 29.Na4 g5 30.Ke3 f5 31.Bc5+ Ke8 32.Bd6 Kd7 33.Be5 
Kc8 34.Nb6+ Kb7 35.Nd7 c5 36.c3 h4 37.Nf6 Kc6 38.Nh7 Bb7 39.Bf6 g4 40.fxg4
fxg4 41.Bxh4 d4+ 42.cxd4 Nxd4 43.Bg3 Kb5 44.Nf6 Bc8 45.Ne4 Nc2+ 46.Kd2 Nb4
47.a3 Nc6 48.Nd6+ 1-0

[Event "Gipuzkoa ch"]
[Site "Donostia - San Sebastian"]
[Date "2012.10.27"]
[Round "2"]
[White "Izagirre Alsua, Aritz"]
[Black "Salterain Gonzalez, Galder"]
[Result "1-0"]
[WhiteElo "1835"]
[BlackElo "1950"]

1.e4 d6 2.d4 Nf6 3.Nc3 g6 4.f4 Bg7 5.Nf3 O-O 6.Bd3 c5 7.d5 Na6 8.O-O Nc7 
9.Kh1 Rb8 10.a4 b6 11.Re1 a6 12.Qe2 Qd7 13.Qf2 b5 14.axb5 axb5 15.Nh4 c4 
16.Bf1 Na6 17.Nb1 Nc5 18.Nd2 Ng4 19.Qg3 Nh6 20.h3 f5 21.Qe3 Bb7 22.Be2 
fxe4 23.Nxe4 Bxd5 24.Nxc5 dxc5 25.c3 Rbe8 26.Bf3 Nf5 27.Nxf5 Qxf5 28.Bg4 
Qd3 29.Rd1 Qe4 30.Rxd5 1-0

[Event "Gipuzkoa ch"]
[Site "Donostia - San Sebastian"]
[Date "2012.10.27"]
[Round "2"]
[White "Navascues Zabaleta, Jesus"]
[Black "Salgado Cea, Gorka"]
[Result "1-0"]
[WhiteElo "1769"]
[BlackElo "1857"]

1.e4 e6 2.d4 d5 3.Nd2 Nf6 4.e5 Nfd7 5.f4 c5 6.c3 Nc6 7.Ngf3 Qb6 8.Qb3 cxd4
9.Qxb6 Nxb6 10.cxd4 Nb4 11.Kd1 Bd7 12.a3 Nc6 13.Bd3 Rc8 14.b3 Be7 15.Ke2 
O-O 16.Bb2 a6 17.Rhc1 Na7 18.Rxc8 Rxc8 19.Rc1 Bb5 20.Rxc8+ Nbxc8 21.Bxb5 
Nxb5 22.a4 Nba7 23.Nb1 Nc6 24.Kd3 Bd8 25.Na3 N8e7 26.Nc2 h6 27.Bc1 Kh7 28.
Bd2 Kg6 29.g4 Ng8 30.Ne3 Kh7 31.h4 g6 32.f5 gxf5 33.gxf5 Nge7 34.f6 Ng6 
35.Ng4 h5 36.Ng5+ Kg8 37.Nh6+ Kf8 38.Nhxf7 Nxh4 39.Nd6 1-0

[Event "Gipuzkoa ch"]
[Site "Donostia - San Sebastian"]
[Date "2012.10.27"]
[Round "2"]
[White "Mendikute Fierro, Claudio"]
[Black "Lakunza Oyarbide, Juan Carlos"]
[Result "0-1"]
[WhiteElo "2033"]
[BlackElo "2119"]

1.e4 e5 2.Nf3 Nc6 3.d4 exd4 4.Nxd4 Nf6 5.Nc3 Bb4 6.Nxc6 bxc6 7.Bd3 d5 8.
exd5 cxd5 9.O-O O-O 10.Bg5 c6 11.Na4 h6 12.Bh4 Be7 13.c3 Be6 14.Bc2 Re8 
15.b4 d4 16.cxd4 Bxb4 17.Qd3 g6 18.Rfd1 Be7 19.Bb3 Nd5 20.Bxe7 Qxe7 21.Qd2
Qh4 22.Nc5 Bf5 23.Bxd5 cxd5 24.Rac1 Kg7 25.Rc3 Rab8 26.Rb3 Rb6 27.f3 Re7 
28.g3 Qf6 29.Kf2 Bg4 30.Rc3 Re8 31.Kg2 Bf5 32.Kf2 h5 33.Kg2 g5 34.Kf2 Kg6 
35.Rb3 Re7 36.Rc1 Re8 37.Rcc3 h4 38.Re3 hxg3+ 39.hxg3 Rbb8 40.Rxe8 Rxe8 
41.Kg2 g4 42.Re3 gxf3+ 43.Rxf3 Re4 44.Rxf5 Qxf5 45.Nxe4 dxe4 46.Qe3 Qd5 
47.a3 f5 0-1

[Event "Gipuzkoa ch"]
[Site "Donostia - San Sebastian"]
[Date "2012.10.27"]
[Round "2"]
[White "Iglesias Gonzalez, Veronica"]
[Black "Uriarte Prieto, Goyo"]
[Result "0-1"]
[WhiteElo "1802"]
[BlackElo "2032"]

1.c4 e6 2.Nc3 f5 3.e4 fxe4 4.Nxe4 Nf6 5.d3 d5 6.Nc3 Bb4 7.Bd2 O-O 8.Qb3 
Nc6 9.Nf3 d4 10.Ne4 Nxe4 11.Bxb4 Nxb4 12.dxe4 c5 13.e5 Qa5 14.Nd2 Rf5 15.
Be2 Rxe5 16.Qg3 Nc2+ 17.Kd1 Rxe2 18.Kxe2 Nxa1 19.Rxa1 Qd8 20.Ne4 b6 21.Kd3
Qe7 22.Re1 e5 23.Qf3 Bb7 24.Qg4 Rf8 25.f3 Bxe4+ 26.Qxe4 Qg5 27.Qd5+ Kh8 
28.Re2 Re8 29.g3 Qc1 30.a3 h6 31.Qc6 e4+ 32.fxe4 Qd1+ 33.Rd2 Qf3+ 34.Kc2 
Qxe4+ 35.Qxe4 Rxe4 36.Rf2 Kg8 37.Kd2 Re3 38.Rf4 a5 39.Rf5 Rb3 40.Kc2 a4 
41.Rf2 Re3 42.Kd2 Re6 43.Kc2 Rf6 44.Re2 Kf7 45.b4 Rf3 46.Kb2 cxb4 47.axb4 
Rb3+ 48.Kc2 d3+ 0-1

[Event "Gipuzkoa ch"]
[Site "Donostia - San Sebastian"]
[Date "2012.10.27"]
[Round "2"]
[White "Kuende Gorostidi, Jon"]
[Black "Olabe Odriozola, Eduardo"]
[Result "0-1"]
[WhiteElo "1798"]
[BlackElo "1939"]

1.e4 d5 2.exd5 Nf6 3.d4 Nxd5 4.c4 Nf6 5.Nc3 Bf5 6.Be3 e6 7.Nge2 Nc6 8.Ng3 
Bg6 9.Be2 Be7 10.Bf3 Qd7 11.a3 O-O 12.h4 h6 13.Nge4 Rfd8 14.d5 Ne5 15.
Nxf6+ Bxf6 16.Be2 c6 17.f4 Nxc4 18.Bxc4 cxd5 19.Bd3 d4 20.Bb5 Qc7 21.Qc1 
dxc3 22.O-O Qa5 23.f5 Bxf5 0-1

[Event "Gipuzkoa ch"]
[Site "Donostia - San Sebastian"]
[Date "2012.10.27"]
[Round "2"]
[White "Izquierdo Arruferia, Joseba"]
[Black "Orube Bona, Andoni"]
[Result "0-1"]
[WhiteElo "1885"]
[BlackElo "1791"]

1.e4 c5 2.Nc3 g6 3.g3 Bg7 4.Bg2 Nc6 5.d3 d6 6.f4 Rb8 7.Nf3 Bg4 8.h3 Bxf3 
9.Qxf3 e6 10.O-O Nge7 11.Rb1 O-O 12.Be3 b5 13.g4 f5 14.exf5 Nd4 15.Qf2 
gxf5 16.g5 b4 17.Na4 Nd5 18.Bxd5 exd5 19.Qg2 Qe8 20.Qxd5+ Kh8 21.Bf2 Qxa4 
22.Qxd6 Qxc2 23.Kg2 Qxd3 24.Qxc5 Qe4+ 25.Kg3 Ne2+ 26.Kh2 Qxf4+ 27.Kh1 Qe4+
28.Kh2 Be5+ 0-1